| 000 | 00678nam a22002297a 4500 | ||
|---|---|---|---|
| 003 | OSt | ||
| 005 | 20251023063234.0 | ||
| 008 | 250929b |||||||| |||| 00| 0 eng d | ||
| 020 | _a978-0-07-128316-8. | ||
| 040 |
_aDWCL-Main lib _cOC |
||
| 082 | _aCirc. 657.42 L267f 2008 | ||
| 100 | _aLanen, William N. | ||
| 245 | _aFundamentals of cost accounting | ||
| 260 |
_aBoston : _bMcGraw-Hill/Irwin, _cc2008. |
||
| 300 |
_axxxiv, (various paging) : _billustration ; _c27 cm. |
||
| 504 | _aIncludes index. | ||
| 650 | _21. Accounting. | ||
| 650 | _22. Cost accounting. | ||
| 700 | _aAnderson, Shannon W. | ||
| 700 | _aMichael W. Maher | ||
| 942 |
_2ddc _cBK-CIRC _e2nd ed. _kCirc. _n0 |
||
| 999 |
_c4535 _d4535 |
||